Music Quiz

Random Music or Artist Quiz

2 top 5 songs in one year Quiz Stats

 Plays Quiz not verified by Sporcle

Score 0/14 Timer 05:00
0 Plays Today
Year-Hints Artist % Correct
1964-B-4The Beatles
87.6%
1956-M-21Elvis Presley
77.5%
1983-M-25Michael Jackson
77.4%
2016-M-22Justin Bieber
50.9%
1978-B-20Bee Gees
49.4%
1996-F-27Mariah Carey
48.2%
1985-SGM-4Wham!
40.7%
Year-Hints Artist % Correct
2004-M-26Usher
33.4%
2009-F-23Lady Gaga
31.7%
1995-SGF-4TLC
30.9%
2009-SGFM-14The Black Eyed Peas
28.5%
2000-B-33Santana
15.9%
2013-M-30Macklemore
9.7%
1997-M-28Puff Daddy
8.9%

You're not logged in!

Compare scores with friends on all Sporcle quizzes.
OR
Log In

Sporcle TV

Today on Sporcle TV


Watch our educational content, quiz creation guides, and fun videos on Sporcle TV.

Show Comments

Extras

Top Quizzes Today


Score Distribution

Your Account Isn't Verified!

In order to create a playlist on Sporcle, you need to verify the email address you used during registration. Go to your Sporcle Settings to finish the process.

Report this User

Report this user for behavior that violates our Community Guidelines.

Details: